Представление документа в формате RUSMARC

ПолеНазваниеЗначение
  Тип записи a
  Библиографический уровень m
001 Контрольный номер UONB/MAIN/3eb25ceb999642e399ec84c04e730705
005 Дата корректировки 20260423092654.1
010 Индекс ISBN __
9 Тираж 50 экз.
100 Данные общей обработки __
a Данные общей обработки 20260423d2026 u y0rusy0189||||ca
101 Язык документа 0_
a Язык текста rus
102 Страна публикации __
a Страна публикации RU
105 Кодированные данные (монография) __
a Кодированные данные (монография) a z 000ay
200 Заглавие и сведения об ответственности 1_
a Заглавие Мои строки о войне
e Сведения, относящиеся к заглавию сборник стихов, рассказов и повестей
f Первые сведения об ответственности В. А. Ерёмин
210 Выходные данные 1_
a Место издания Ульяновск
c Издательство [б. и.]
d Дата издания 2026
215 Физическое описание __
a Объем 82 с.
c Иллюстрации/тип воспроизводства ил., фот.
d Формат 20 см
333 Примечание о целевом назначении __
a Примечание о целевом назначении 16+
606 Тематические рубрики 0_
a Основная рубрика Стихи (х. л.)
610 Ключевые слова 0_
a Ключевые слова стихи русские 20 в.
610 Ключевые слова 0_
a Ключевые слова проза русская 20 в.
686 Индексы других классификаций __
a Классификационный индекс 84Р2-5
2 Код системы rubbk
700 Автор _1
a Фамилия Ерёмин
b Имя (инициалы) В. А.
g Полное личное имя Валерий Александрович
790 Имя лица - альтернативная форма _1
a Имя лица - альтернативная форма Еремин
b Имя (инициалы) В. А.
g Полное личное имя Валерий Александрович
801 Источник записи _0
a Страна RU
b Организация Ульяновская ОНБ
c Дата составления 20260423
g Правила каталогизации RCR
801 Источник записи _1
a Страна RU
b Организация Ульяновская ОНБ
c Дата составления 20260423
g Правила каталогизации RCR
900 Электронные ресурсы __
a Имя электронного ресурса 202604160019
900 Электронные ресурсы __
a Имя электронного ресурса 202604160020
901 Тип документа __
t Тип документа m
909 Создатель записи __
a Создатель записи Макушик
b Дата создания записи 20260423